Biblioteca

Rico en misericordia: (Registro nro. 65150)

Detalles MARC
000 -LÍDER
Campo fijo de descripción fija 02127nam a2200325 i 4500
001 - NÚMERO DE CONTROL
Campo de control 768714001
003 - IDENTIFICADOR DEL NÚMERO DE CONTROL
Campo de control CO-MdFUSB
005 - FECHA Y HORA DE LA ULTIMA TRANSACCIÓN
control field 20190826144341.0
008 - ELEMENTOS DE LONGITUD FIJA -- INFORMACIÓN GENERAL
Campo fijo de descripción fija -- Información general 190821t2016 sp |||| |||| 00| 0 spa d
020 ## - NÚMERO INTERNACIONAL NORMALIZADO PARA LIBROS
Número Internacional Normalizado del libro 9788429325645
040 ## - FUENTE DE CATALOGACIÓN
Agencia de catalogación original CO-MdFUSB
Idioma de catalogación spa
Agencia que realiza la transcripción CO-MdFUSB
Agencia que realiza la modificación CO-MdFUSBC
Convenciones de la descripción rda
041 ## - CÓDIGO DE IDIOMA
Código de idioma para texto/pista de sonido o título separado spa
Código de idioma original eng
082 ## - NÚMERO DE CLASIFICACIÓN DECIMAL DEWEY
Número de la edición del Dewey 23
Número de clasificación 230.082
Clave de autor-Numero de item J66r
100 ## - ASIENTO PRINCIPAL--NOMBRE PERSONAL
Nombre personal Johnson, Elizabeth A.
Término relacionador autor
240 ## - TITULO UNIFORME
Título uniforme <a href="Abounding in kindness. Writings for the people of God.">Abounding in kindness. Writings for the people of God.</a>
245 1# - TÍTULO
Título del Material Rico en misericordia:
Parte restante del título - Subtitulo teología al servicio del pueblo de Dios.
Mención de responsabilidad, etc. / Elizabeth A. Johnson ; traducido por Isidro Arias Pérez.
250 ## - MENCIÓN DE EDICIÓN
Mención de edición Segunda edición.
264 #1 - PRODUCCIÓN, PUBLICACIÓN, DISTRIBUCIÓN, MANUFACTURA, Y COPYRIGHT
Lugar de producción, publicación, distribución, manufactura Cantabria, España :
Nombre del productor, publicador, distribuidor Sal Terrae,
Fecha de producción, publicación, distribución, manufactura, o copyright [2016]
264 #4 - PRODUCCIÓN, PUBLICACIÓN, DISTRIBUCIÓN, MANUFACTURA, Y COPYRIGHT
Fecha de producción, publicación, distribución, manufactura, o copyright © 2016
300 ## - DESCRIPCIÓN FÍSICA
Extensión 330 páginas
Dimensiones ; 23 cm
336 ## - TIPO DE CONTENIDO
Fuente rdacontent
Término de tipo de contenido texto
Código de tipo de contenido txt
337 ## - TIPO DE MEDIO
Fuente rdamedia
Nombre del tipo de medio sin mediación
Código del tipo de medio n
338 ## - TIPO DE SOPORTE
Fuente rdacarrier
Nombre del tipo de soporte volumen
Código Tipo de soporte nc
490 ## - MENCIÓN DE SERIE
Mención de serie Presencia teológica
505 ## - NOTA DE CONTENIDO
Nota de contenido con formato preestablecido Primera parte: Pautas de la fe en un tiempo crítico: Transmitir la fe. -- Ateísmo y fe en un mundo secularizado. -- Cielo y tierra están llenos de tu gloria. -- Feminismo y decisión de compartir la fe. -- Vete a la tierra que te mostraré. -- Segunda parte: Gran Dios del cielo y de la tierra. -- Creativo dador de vida. -- Creación. -- Razones para utilizar los símbolos femeninos al hablar de Dios. -- El Dios de la vida en la teología feminista de la liberación. -- Terreno sagrado a la cabecera del enfermo. Tercera parte: La investigación sobre Jesús y la fe cristiana. -- Cristo murió por nosotros. -- Resurrección. -- La sabiduría se hizo carne y acampó entre nosotros. --Tortura. -- Jesús y las mujeres. -- Cuarta parte: Enciende en nosotros el fuego del amor divino. Temas sobre la Iglesia. -- Recordando al Espíritu Santo. -- Viniendo del frío. -- Interpretando la Escritura con ojos de mujer. -- Amigos de Dios y profetas. -- La comunión de los santos en un contexto cósmico. --Verdadera hermana nuestra. -- Corazones ardientes.
650 #7 - ASIENTO SECUNDARIO DE MATERIA - TERMINO TEMÁTICO
9 (RLIN) 681
Término temático o nombre geográfico como elemento de entrada Teología feminista
700 ## - ASIENTO SECUNDARIO - NOMBRE PERSONAL
9 (RLIN) 2251
Nombre personal Arias Pérez, Isidro.
Responsabilidad traductor
942 ## - TIPO DE MATERIAL (KOHA)
Tipo de Item KOHA Libros General
945 ## - INFORMACIÓN LOCAL DEL REGISTRO
Catalogador JTF-925
Existencias
Estado de Material Estado de Perdido Forma de Clasificación Estado de Dañado No para Préstamo Colección Biblioteca de Origen Biblioteca Permanente Fecha de Adquisición Área Total de Préstamos Total de Renovaciones Signatura Topográfica Código de Barras Última vez visto Última vez Préstado Ejemplar/Existencia Fecha de Remplazo Tipo de Material
    Dewey Decimal Classification     Colección General Biblioteca FUSBC Biblioteca FUSBC 21/08/2019 TEOLOGÍA CRISTIANA 3 2 G 230.082 J66r 9844 18/07/2025 11/07/2025 Ej. 1 21/08/2019 Libros General

Biblioteca FUSBC | Teléfono: (57+4) 349 88 10 Ext. 141| WhatsApp (+57) 3005338115 
E-mail: biblioteca@unisbc.edu.co | Calle 76 87-14 Robledo Palenque, Medellín, Colombia

Con tecnología Koha